<?xml version="1.0" encoding="UTF-8"?>
<record
    xmlns:xsi="http://www.w3.org/2001/XMLSchema-instance"
    xsi:schemaLocation="http://www.loc.gov/MARC21/slim http://www.loc.gov/standards/marcxml/schema/MARC21slim.xsd"
    xmlns="http://www.loc.gov/MARC21/slim">

  <leader>00925nam a22002177a 4500</leader>
  <controlfield tag="005">20180529131108.0</controlfield>
  <datafield tag="010" ind1=" " ind2=" ">
    <subfield code="a">B-680880-891</subfield>
  </datafield>
  <datafield tag="020" ind1=" " ind2=" ">
    <subfield code="a">9788123021300</subfield>
    <subfield code="c">2480.00</subfield>
  </datafield>
  <datafield tag="035" ind1=" " ind2=" ">
    <subfield code="a">B-680880-891</subfield>
  </datafield>
  <datafield tag="037" ind1=" " ind2=" ">
    <subfield code="b">Bookwell </subfield>
    <subfield code="a">dpl</subfield>
  </datafield>
  <datafield tag="082" ind1=" " ind2=" ">
    <subfield code="a">954.56</subfield>
  </datafield>
  <datafield tag="245" ind1=" " ind2=" ">
    <subfield code="a">The art and interiors of Rashtrapati Bhawan :</subfield>
    <subfield code="c">edited by Partha Mitter [and] Naman P. Ahuja </subfield>
    <subfield code="b">lutyens and beyond / </subfield>
  </datafield>
  <datafield tag="260" ind1=" " ind2=" ">
    <subfield code="c">2016</subfield>
    <subfield code="a">New Delhi</subfield>
    <subfield code="b">Publication Division, Govt. Of India</subfield>
  </datafield>
  <datafield tag="270" ind1=" " ind2=" ">
    <subfield code="a">24/4800,Ansari Road , Daraya Ganj ,</subfield>
    <subfield code="b">New Delhi</subfield>
    <subfield code="e">110002</subfield>
  </datafield>
  <datafield tag="300" ind1=" " ind2=" ">
    <subfield code="c">29cm(Hb)</subfield>
    <subfield code="a">334p.:</subfield>
    <subfield code="b">ill. (col. pic.)</subfield>
  </datafield>
  <datafield tag="500" ind1=" " ind2=" ">
    <subfield code="a">Includes bibliographical references and index </subfield>
  </datafield>
  <datafield tag="700" ind1=" " ind2=" ">
    <subfield code="a">Mitter, Partha </subfield>
  </datafield>
  <datafield tag="700" ind1=" " ind2=" ">
    <subfield code="a">Ahuja, Naman P. </subfield>
  </datafield>
  <datafield tag="942" ind1=" " ind2=" ">
    <subfield code="c">EN</subfield>
    <subfield code="2">ddc</subfield>
    <subfield code="m">ART</subfield>
    <subfield code="h">954.56</subfield>
  </datafield>
  <datafield tag="999" ind1=" " ind2=" ">
    <subfield code="c">152351</subfield>
    <subfield code="d">152351</subfield>
  </datafield>
  <datafield tag="952" ind1=" " ind2=" ">
    <subfield code="0">0</subfield>
    <subfield code="1">0</subfield>
    <subfield code="4">0</subfield>
    <subfield code="7">1</subfield>
    <subfield code="8">REF</subfield>
    <subfield code="a">L</subfield>
    <subfield code="b">L</subfield>
    <subfield code="d">2018-05-29</subfield>
    <subfield code="e">Bookwell/0730/25.11.2017/643/20.11.2017/27.11.2017</subfield>
    <subfield code="g">2480.00</subfield>
    <subfield code="l">0</subfield>
    <subfield code="o">954.56 ART</subfield>
    <subfield code="p">B-680880</subfield>
    <subfield code="r">2018-05-29 00:00:00</subfield>
    <subfield code="t">1</subfield>
    <subfield code="v">2480.00</subfield>
    <subfield code="w">2018-05-29</subfield>
    <subfield code="y">EN</subfield>
  </datafield>
  <datafield tag="952" ind1=" " ind2=" ">
    <subfield code="0">0</subfield>
    <subfield code="1">0</subfield>
    <subfield code="4">0</subfield>
    <subfield code="7">1</subfield>
    <subfield code="8">REF</subfield>
    <subfield code="a">AV</subfield>
    <subfield code="b">AV</subfield>
    <subfield code="d">2018-05-29</subfield>
    <subfield code="e">Bookwell/0730/25.11.2017/643/20.11.2017/27.11.2017</subfield>
    <subfield code="g">2480.00</subfield>
    <subfield code="l">0</subfield>
    <subfield code="o">954.56 ART</subfield>
    <subfield code="p">B-680881</subfield>
    <subfield code="r">2018-05-29 00:00:00</subfield>
    <subfield code="t">1</subfield>
    <subfield code="v">2480.00</subfield>
    <subfield code="y">EN</subfield>
  </datafield>
  <datafield tag="952" ind1=" " ind2=" ">
    <subfield code="0">0</subfield>
    <subfield code="1">0</subfield>
    <subfield code="4">0</subfield>
    <subfield code="7">1</subfield>
    <subfield code="8">REF</subfield>
    <subfield code="a">BL1</subfield>
    <subfield code="b">BL1</subfield>
    <subfield code="d">2018-05-29</subfield>
    <subfield code="e">Bookwell/0730/25.11.2017/643/20.11.2017/27.11.2017</subfield>
    <subfield code="g">2480.00</subfield>
    <subfield code="l">0</subfield>
    <subfield code="o">954.56 ART</subfield>
    <subfield code="p">B-680882</subfield>
    <subfield code="r">2018-05-29 00:00:00</subfield>
    <subfield code="t">1</subfield>
    <subfield code="v">2480.00</subfield>
    <subfield code="y">EN</subfield>
  </datafield>
  <datafield tag="952" ind1=" " ind2=" ">
    <subfield code="0">0</subfield>
    <subfield code="1">0</subfield>
    <subfield code="4">0</subfield>
    <subfield code="7">1</subfield>
    <subfield code="8">REF</subfield>
    <subfield code="a">KGM</subfield>
    <subfield code="b">KGM</subfield>
    <subfield code="d">2018-05-29</subfield>
    <subfield code="e">Bookwell/0730/25.11.2017/643/20.11.2017/27.11.2017</subfield>
    <subfield code="g">2480.00</subfield>
    <subfield code="l">0</subfield>
    <subfield code="o">954.56 ART</subfield>
    <subfield code="p">B-680883</subfield>
    <subfield code="r">2018-05-29 00:00:00</subfield>
    <subfield code="t">1</subfield>
    <subfield code="v">2480.00</subfield>
    <subfield code="y">EN</subfield>
  </datafield>
  <datafield tag="952" ind1=" " ind2=" ">
    <subfield code="0">0</subfield>
    <subfield code="1">0</subfield>
    <subfield code="4">0</subfield>
    <subfield code="7">1</subfield>
    <subfield code="8">REF</subfield>
    <subfield code="a">PR</subfield>
    <subfield code="b">PR</subfield>
    <subfield code="d">2018-05-29</subfield>
    <subfield code="e">Bookwell/0730/25.11.2017/643/20.11.2017/27.11.2017</subfield>
    <subfield code="g">2480.00</subfield>
    <subfield code="l">0</subfield>
    <subfield code="o">954.56 ART</subfield>
    <subfield code="p">B-680884</subfield>
    <subfield code="r">2018-05-29 00:00:00</subfield>
    <subfield code="t">1</subfield>
    <subfield code="v">2480.00</subfield>
    <subfield code="y">EN</subfield>
  </datafield>
  <datafield tag="952" ind1=" " ind2=" ">
    <subfield code="0">0</subfield>
    <subfield code="1">0</subfield>
    <subfield code="4">0</subfield>
    <subfield code="7">1</subfield>
    <subfield code="8">REF</subfield>
    <subfield code="a">JP</subfield>
    <subfield code="b">JP</subfield>
    <subfield code="d">2018-05-29</subfield>
    <subfield code="e">Bookwell/0730/25.11.2017/643/20.11.2017/27.11.2017</subfield>
    <subfield code="g">2480.00</subfield>
    <subfield code="l">0</subfield>
    <subfield code="o">954.56 ART</subfield>
    <subfield code="p">B-680885</subfield>
    <subfield code="r">2018-05-29 00:00:00</subfield>
    <subfield code="t">1</subfield>
    <subfield code="v">2480.00</subfield>
    <subfield code="y">EN</subfield>
  </datafield>
  <datafield tag="952" ind1=" " ind2=" ">
    <subfield code="0">0</subfield>
    <subfield code="1">0</subfield>
    <subfield code="4">0</subfield>
    <subfield code="7">1</subfield>
    <subfield code="8">REF</subfield>
    <subfield code="a">ZLS</subfield>
    <subfield code="b">ZLS</subfield>
    <subfield code="d">2018-05-29</subfield>
    <subfield code="e">Bookwell/0730/25.11.2017/643/20.11.2017/27.11.2017</subfield>
    <subfield code="g">2480.00</subfield>
    <subfield code="l">0</subfield>
    <subfield code="o">954.56 ART</subfield>
    <subfield code="p">B-680886</subfield>
    <subfield code="r">2018-05-29 00:00:00</subfield>
    <subfield code="t">1</subfield>
    <subfield code="v">2480.00</subfield>
    <subfield code="y">EN</subfield>
  </datafield>
  <datafield tag="952" ind1=" " ind2=" ">
    <subfield code="0">0</subfield>
    <subfield code="1">0</subfield>
    <subfield code="4">0</subfield>
    <subfield code="7">1</subfield>
    <subfield code="8">REF</subfield>
    <subfield code="a">NRR</subfield>
    <subfield code="b">NRR</subfield>
    <subfield code="d">2018-05-29</subfield>
    <subfield code="e">Bookwell/0730/25.11.2017/643/20.11.2017/27.11.2017</subfield>
    <subfield code="g">2480.00</subfield>
    <subfield code="l">0</subfield>
    <subfield code="o">954.56 ART</subfield>
    <subfield code="p">B-680887</subfield>
    <subfield code="r">2018-05-29 00:00:00</subfield>
    <subfield code="t">1</subfield>
    <subfield code="v">2480.00</subfield>
    <subfield code="y">EN</subfield>
  </datafield>
  <datafield tag="952" ind1=" " ind2=" ">
    <subfield code="0">0</subfield>
    <subfield code="1">0</subfield>
    <subfield code="4">0</subfield>
    <subfield code="7">1</subfield>
    <subfield code="8">REF</subfield>
    <subfield code="a">BKK</subfield>
    <subfield code="b">BKK</subfield>
    <subfield code="d">2018-05-29</subfield>
    <subfield code="e">Bookwell/0730/25.11.2017/643/20.11.2017/27.11.2017</subfield>
    <subfield code="g">2480.00</subfield>
    <subfield code="l">0</subfield>
    <subfield code="o">954.56 ART</subfield>
    <subfield code="p">B-680888</subfield>
    <subfield code="r">2018-05-29 00:00:00</subfield>
    <subfield code="t">1</subfield>
    <subfield code="v">2480.00</subfield>
    <subfield code="y">EN</subfield>
  </datafield>
  <datafield tag="952" ind1=" " ind2=" ">
    <subfield code="0">0</subfield>
    <subfield code="1">0</subfield>
    <subfield code="4">0</subfield>
    <subfield code="7">1</subfield>
    <subfield code="8">REF</subfield>
    <subfield code="a">NR</subfield>
    <subfield code="b">NR</subfield>
    <subfield code="d">2018-05-29</subfield>
    <subfield code="e">Bookwell/0730/25.11.2017/643/20.11.2017/27.11.2017</subfield>
    <subfield code="g">2480.00</subfield>
    <subfield code="l">0</subfield>
    <subfield code="o">954.56 ART</subfield>
    <subfield code="p">B-680889</subfield>
    <subfield code="r">2018-05-29 00:00:00</subfield>
    <subfield code="t">1</subfield>
    <subfield code="v">2480.00</subfield>
    <subfield code="y">EN</subfield>
  </datafield>
  <datafield tag="952" ind1=" " ind2=" ">
    <subfield code="0">0</subfield>
    <subfield code="1">0</subfield>
    <subfield code="4">0</subfield>
    <subfield code="7">1</subfield>
    <subfield code="8">REF</subfield>
    <subfield code="a">BN</subfield>
    <subfield code="b">BN</subfield>
    <subfield code="d">2018-05-29</subfield>
    <subfield code="e">Bookwell/0730/25.11.2017/643/20.11.2017/27.11.2017</subfield>
    <subfield code="g">2480.00</subfield>
    <subfield code="l">0</subfield>
    <subfield code="o">954.56 ART</subfield>
    <subfield code="p">B-680890</subfield>
    <subfield code="r">2018-05-29 00:00:00</subfield>
    <subfield code="t">1</subfield>
    <subfield code="v">2480.00</subfield>
    <subfield code="y">EN</subfield>
  </datafield>
  <datafield tag="952" ind1=" " ind2=" ">
    <subfield code="0">0</subfield>
    <subfield code="1">0</subfield>
    <subfield code="4">0</subfield>
    <subfield code="7">0</subfield>
    <subfield code="8">NFIC</subfield>
    <subfield code="a">BL4</subfield>
    <subfield code="b">BL4</subfield>
    <subfield code="d">2018-05-29</subfield>
    <subfield code="e">Bookwell/0730/25.11.2017/643/20.11.2017/27.11.2017</subfield>
    <subfield code="g">2480.00</subfield>
    <subfield code="l">5</subfield>
    <subfield code="m">1</subfield>
    <subfield code="o">954.56 ART</subfield>
    <subfield code="p">B-680891</subfield>
    <subfield code="r">2019-04-06 00:00:00</subfield>
    <subfield code="s">2019-03-23</subfield>
    <subfield code="t">1</subfield>
    <subfield code="v">2480.00</subfield>
    <subfield code="y">EN</subfield>
  </datafield>
</record>
